Todas as músicas da Marília Mendonça - Statistics

Estatísticas Gerais
  • Esse quiz foi jogado 282 vezes
    281 desde o último reset
  • A pontuação média é 27 de 122
Estatísticas das Respostas
Resposta % Correto
Infiel
76%
Alô Porteiro
61%
Troca de Calçada
53%
Bebaça
52%
Supera
52%
Eu sei de cor
51%
Amante Não Tem Lar
50%
Apaixonadinha
48%
Como Faz Com Ela
46%
De Quem é a Culpa?
46%
Esqueça-Me Se For Capaz
45%
Bebi Liguei
43%
Estrelinha
43%
Presepada
43%
Todo Mundo Vai Sofrer
43%
Ciumeira
42%
Sem Sal
42%
Flor e o Beija-Flor
41%
Todo Mundo Menos Você
41%
Motel
40%
Serenata
39%
Bem Pior Que Eu
38%
Folgado
38%
Some Que Ele Vem Atras
38%
Ausência
37%
Estranho
37%
Intenção
37%
Bye Bye
35%
A culpa é dele
33%
Mal Feito
33%
Melhor Sozinha
33%
O Que Falta em Você Sou Eu
33%
Sentimento Louco
33%
Motel Afrodite
32%
4 e 15
30%
Casa da Mãe Joana
27%
Coração Bandido
27%
Fã Clube
26%
Love À Queima Roupa
26%
Não Sei o que Lá
26%
Passa Mal
26%
Vai Lá Em Casa Hoje
26%
Impasse
25%
Quero Você do Jeito Que Quiser
25%
Dois Enganados
24%
Deprê
23%
Rosa Embriagada
23%
Esse Cara Aqui do Lado
22%
Te Amo Demais
22%
Vou Ter Que Superar
22%
Hoje Somos Só Metade
21%
Perto de Você
21%
Amigo Emprestado
20%
Ninguém é de Ferro
20%
Obrigado por Estragar Tudo
20%
Saudade do Meu Ex
20%
Traição Não Tem Perdão
20%
Não Casa Não
19%
Nosso Amor Envelheceu
19%
Sabiá
19%
Silêncio
19%
Essas Nossas Brigas
18%
Foi por Conveniência
18%
O Que é Amor Pra Você
18%
Se Ame Mais
18%
Entre Quatro Paredes
17%
Mudou a Estação
17%
Para, Pensa e Volta
17%
Parece Namoro
17%
Sofrendo Por 3
17%
Uma Vida a Mais
17%
Abandono de Incapaz
16%
Ei, Saudade
16%
Eu Não Sou Novela
16%
Eu Não Vou Namorar
15%
Insônia
15%
A Gente Não Se Aguenta
14%
Nem Foi e Já Voltou
14%
A Gente Não Ta Junto
13%
Até o Tempo Passa
13%
A Voz do Coração
13%
Coração Mal Assombrado
13%
Olha Só Você
13%
Por Mais 3 Horas
13%
10 de Setembro
12%
50 por Cento
12%
Você não Manda em Mim
12%
Amava Nada
11%
Moleque
11%
Cara Ou Coroa
10%
Dez Corações
10%
Não Era Pra Ser Assim
10%
Nuvem de Lágrimas
10%
Sendo Assim / Muito Estranho
10%
Assunto Delicado
9%
O Que É o Que É
9%
Você Nem é Tudo isso
9%
Conspiração
8%
Nada Mudou
8%
Amigos con Derechos
7%
A Solidão É Uma Ressaca
7%
Deixa Eu Te Amar
7%
O Que Houve?
7%
Paixão Goiana
7%
Amante Fiel
6%
Não Aprendi a Dizer Adeus
6%
Só Pensando em Você
6%
Te Amo Que Mais Posso Dizer
6%
No Dia Que Eu Saí de casa
5%
Te Quero Pra Mim
5%
Cancela o Sentimento
4%
Do Copo Eu Vim
3%
Foi Só Um Caso
3%
Incendeia
3%
Meu Cupido é o Gari
3%
Para de Me Chamar pra Sair
3%
Perdeu a Razão
3%
Por Trás da Maquiagem
3%
Me desculpe, mas sou fiel
2%
Vou Levando a Minha
2%
Direção
1%
Nenhum quiz correspondente encontrado
Distribuição das Pontuações
Porcentagem de Pessoas com Cada Pontuação
Percentil de Números Respondidos
Sua Pontuação Histórica
Você não jogou esse quiz desde o último reset